| 000 | 00367 a2200157 4500 | ||
|---|---|---|---|
| 001 | 14647 | ||
| 020 | _a9788598866529 | ||
| 040 | _cAnchieta - Aquarius | ||
| 100 | _aLois, Lena | ||
| 240 | 1 | 0 |
_aTia Ciata e um sonho de menina _lpor |
| 245 | 1 | 0 | _aTia Ciata e um sonho de menina |
| 300 | _a32 | ||
| 362 | 0 | _a2015 | |
| 650 | 4 | _aLiteratura infanto-juvenil | |
| 942 | _cBK | ||
| 999 |
_c14647 _d14647 |
||